| 000 | 00506nam a2200145Ia 4500 | ||
|---|---|---|---|
| 008 | 140724s9999 xx 000 0 und d | ||
| 050 |
_aQA 76.76.T48 _b.L791 2011 |
||
| 100 | _aLlanes, Chelsea Mae T. | ||
| 245 |
_aLibrary management system of Escuela De San Lorenzo Ruiz / _cChelsea Mae T. Llanes. |
||
| 260 |
_aLas PiƱas, Philippines : _bSouthville International School and Colleges, _cc2011. |
||
| 300 |
_a43 p. : _bill. ; _c28 cm. |
||
| 521 | _aInformation Technology | ||
| 942 | _cTH | ||
| 999 |
_c229235 _d229235 |
||